000 00433nam a2200169Ia 4500
003 LK-CoDNM
005 20240826151032.0
008 010623t1920 xxu||||| |||| 00| 1 eng d
040 _aLK-CoDNM
_dLK-CoDNM
_eLK-CoDNM
041 _aeng
080 _a22
_bK30
245 _aProceedings of Meetings
260 _bSuperintendent government
_aCalcutta
_c1920
300 _b45p. : 36ill , ill ; 25 cm
650 _aLahore
942 _cBK
999 _c90017
_d90017